000 00673cam a2200265ua 4500
020 _a81-224-0280-1
_c80
041 _aeng
_h
082 _a631.587
_bSAT/DE
100 _aSatyanarayana moorthi, C .
245 _aDesign of minor irrigation and canal structures /
_cC.Satyanarayana moorthi.
_hTextual Documents
250 _a1 /
_b.
260 _a :
_bWiley eastern limited ,
_c1990.
300 _a296 ; .
365 _a80
504 _a
942 _cBK
999 _c1292
_d1292